000 01540nam0a2200313 4500
001 RU\NLR\bibl\1402802
005 20250615204714.0
021 _aRU
_b2009-47303
_92892
035 _a(NLR Aleph) 001394802
090 _a1185087
_c1185087
100 _a20090819d2009 |||y0rusy50 ca
101 0 _arus
102 _aRU
105 _ay |||||||||
200 1 _aРоссийское законодательство XVIII-XIX веков о душевнобольных
_eмонография
_fВ.Э. Шунк
_gпод общ. ред. проф. Ю.А. Галая
_gМ-во внутр. дел Рос. Федерации, Ижев. фил. гос. образоват. учреждения высш. проф. образования "Нижегор. акад. МВД Рос. Федерации"
210 _aИжевск
_cИжевский филиал ГОУ ВПО "Нижегородская академия МВД Российской Федерации"
_d2009
215 _a144 с.
_d21
320 _aБиблиогр.: с. 118-139 (287 назв.) и в подстроч. прим.
606 1 _aПсихически больные
_xПравовое положение
_xИстория
_yРоссия
_92569601
_3RU\NLR\auth\661519584
686 _aХ839(2)011.1
686 _aХ881.9(2)
700 1 _aШунк
_bВ. Э.
_gВиктория Эдуардовна
_4070
801 0 _aRU
_bNLR
_c20090819
_gRCR
801 1 _aRU
_bNLR
_c20090819
830 _aавт. по кн.
942 _cBOOK
980 _aNB
980 _aNBR